000 01144nam a22002777a 4500
005 20110201162643.0
008 110127t xxu||||| |||| 00| 0 hin d
010 _aHIN-91773
020 _c200.00
_a8121404614
035 _aHN-64119
037 _bDBAD / PUB
040 _aDPL
_bHN
082 _a824
100 _925632
_aमिश्र, शीला
245 _aसंचिति /
_cशीला मिश्र
246 _aSanchiti
260 _aनई दिल्ली
_bनेशनल पब्लिशिंग हाउस
_c2008
270 _a2/35 अंसारी रोड़ दरियागंज,
_bनई दिल्ली
_e10002
_l{ 011 23254407}
_mnational-publishinghouse@airtelbroadband.in
300 _a160पृ.
_c22सेमी (सजिल्द)
650 _9657
_aहिन्दी निबन्ध
_bEssay
650 _925656
700 _925634
700 _925670
942 _2ddc
_cHN
_h824
_mमिश्रशी
999 _c50330
_d50330